| Tag |
First Indicator |
Second Indicator |
Subfields |
| LEADER |
00000cam a22000001i 4500 |
| 001 |
in00003936721 |
| 006 |
m d f |
| 007 |
cr bn mmmapmmp |
| 008 |
391003s1939 dcu o f000 0 eng d |
| 005 |
20250210235614.0 |
| 035 |
|
|
|a ebd1933008902
|
| 040 |
|
|
|a UMI
|c UMI
|e rda
|d UtOrBLW
|
| 086 |
0 |
|
|a C 21.5:504/2
|
| 099 |
|
|
|a C21.5..504_2
|
| 110 |
1 |
|
|a United States.
|b Patent Office.
|0 http://id.loc.gov/authorities/names/n79076649
|
| 245 |
1 |
4 |
|a The official gazette of the United States Patent Office, July 11, 1939.
|
| 264 |
|
1 |
|a [Washington] :
|b [s.n.],
|c 1939.
|
| 300 |
|
|
|a 1 online resource (296 pages), digital, PDF file
|
| 336 |
|
|
|a text
|b txt
|2 rdacontent
|
| 337 |
|
|
|a computer
|b c
|2 rdamedia
|
| 338 |
|
|
|a online resource
|b cr
|2 rdacarrier
|
| 533 |
|
|
|a Electronic reproduction.
|b [Bethesda, Md.] :
|c ProQuest,
|d 2016
|e digital, PDF file.
|n ProQuest U.S. Executive Branch Documents
|n Mode of access: World Wide Web via ProQuest website.
|
| 588 |
|
|
|a Record is based on online resource; title from PDF title page (ProQuest, last viewed July 2016). Reuse except for individual research requires license from ProQuest, LLC.
|
| 610 |
1 |
0 |
|a United States.
|b Patent Office.
|0 http://id.loc.gov/authorities/names/n79076649
|
| 650 |
|
0 |
|a Patents.
|0 http://id.loc.gov/authorities/subjects/sh85098655
|
| 856 |
4 |
0 |
|u http://proxy.library.tamu.edu/login?url=http://congressional.proquest.com/congressional/docview/t66.d71.c21.5..504_2?
|y Electronic resource (PDF)
|t 0
|
| 999 |
f |
f |
|s edb52675-c27e-3d7d-b24a-e4faedb0d55c
|i d05a893b-5ef3-30f9-9594-27505f3c8214
|t 0
|
| 952 |
f |
f |
|a Texas A&M University
|b College Station
|c Electronic Resources
|d Available Online
|t 0
|h No information provided
|
| 998 |
f |
f |
|t 0
|l Available Online
|